000 00539nam a2200145 a 4500
008 120416s1969 ||||||||||||||||| || u
050 _aPL 8011 Pro
100 _aMunro, Donald
245 1 0 _aProtest and conflict in African literature
_cedited by Cosmo Piertese
260 _aLondon
_bHeinemann
_c1969
300 _axii, 127p. : ill.
350 _a0.00
700 _aPiertese, Cosmo
995 _D0.00
_FCBU-MAIN LIBRARY (Kitwe)
_H1
_I8.25
_M1
_UAVAILABLE
_ZAnnex Low-Usage Collection
999 _c55195
_d55195